[Event "FRA Team Ch"]
[Site "VANDOEUVRE"]
[Date "2002.04.01"]
[Round "7.1"]
[White "Doettling, Fabian"]
[Black "Hebden, Mark"]
[Result "1/2-1/2"]
[WhiteElo "2540"]
[BlackElo "2558"]
[PlyCount "44"]
[EventDate "2002.03.??"]
[WhiteTeam "Strasbourg"]
[BlackTeam "Clichy"]

1. d4 Nf6 2. Nf3 g6 3. c4 Bg7 4. Nc3 O-O 5. e4 d6 6. Be2 e5 7. O-O Nc6 8. d5
Ne7 9. Kh1 Kh8 10. Ne1 Nd7 11. f3 f5 12. Be3 f4 13. Bg1 g5 14. Nd3 Rf6 15. c5
Rh6 16. cxd6 cxd6 17. Nf2 a6 18. a4 Qe8 19. a5 Ng8 20. Na4 Ngf6 21. Ng4 Nxg4
22. fxg4 Nf6 1/2-1/2

[Event "FRA Team Ch"]
[Site "VANDOEUVRE"]
[Date "2002.??.??"]
[Round "7.2"]
[White "Tregubov, Pavel V"]
[Black "Kallai, Gabor"]
[Result "1-0"]
[WhiteElo "2626"]
[BlackElo "2549"]
[PlyCount "119"]
[EventDate "2002.03.??"]
[WhiteTeam "Clichy"]
[BlackTeam "Strasbourg"]

1. d4 d5 2. c4 c6 3. Nf3 Nf6 4. e3 e6 5. Bd3 Nbd7 6. O-O Bd6 7. Nbd2 O-O 8. e4
e5 9. cxd5 cxd5 10. exd5 exd4 11. Ne4 Nxe4 12. Bxe4 Nf6 13. Bg5 h6 14. Bxf6
Qxf6 15. Qxd4 Qxd4 16. Nxd4 Bd7 17. Rac1 g6 18. Bd3 a6 19. Nb3 Rfc8 20. Na5
Rxc1 21. Rxc1 Rc8 22. Rd1 b5 23. Nb7 Bf8 24. Be4 Rc4 25. Bf3 Bc8 26. d6 Bxb7
27. d7 Bxf3 28. d8=Q Bxd1 29. Qxd1 h5 30. g3 Rc6 31. b3 Be7 32. Qd7 Re6 33. Kg2
Kg7 34. Qd4+ Bf6 35. Qd3 Rc6 36. h3 Re6 37. f4 Rc6 38. g4 hxg4 39. hxg4 Kg8 40.
Qd5 Re6 41. Kf3 Kg7 42. b4 Be7 43. f5 gxf5 44. gxf5 Rh6 45. Qe5+ Kf8 46. a3
Rh3+ 47. Ke4 Rh4+ 48. Kd5 Rh6 49. Qb8+ Kg7 50. Qe8 Bf8 51. Qe3 Rd6+ 52. Ke5 Be7
53. Qg1+ Kf8 54. Qh1 Kg7 55. Qg2+ Kf8 56. Qa8+ Kg7 57. Qe8 Bf8 58. Qxf8+ Kxf8
59. Kxd6 Kg8 60. Kd7 1-0

[Event "FRA Team Ch"]
[Site "VANDOEUVRE"]
[Date "2002.04.01"]
[Round "7.3"]
[White "Roos, Daniel"]
[Black "Apicella, Manuel"]
[Result "1/2-1/2"]
[WhiteElo "2420"]
[BlackElo "2520"]
[PlyCount "30"]
[EventDate "2002.03.??"]
[WhiteTeam "Strasbourg"]
[BlackTeam "Clichy"]

1. Nf3 Nf6 2. g3 g6 3. Bg2 Bg7 4. O-O O-O 5. d4 d6 6. Nc3 d5 7. Ne5 c6 8. Bf4
Nh5 9. Be3 f6 10. Nd3 f5 11. Qd2 Re8 12. Na4 Nd7 13. Nac5 Nxc5 14. Nxc5 Nf6 15.
c3 Ne4 1/2-1/2

[Event "FRA Team Ch"]
[Site "VANDOEUVRE"]
[Date "2002.??.??"]
[Round "7.4"]
[White "Conquest, Stuart"]
[Black "Szabolcsi, Janos"]
[Result "1/2-1/2"]
[WhiteElo "2596"]
[BlackElo "2429"]
[PlyCount "146"]
[EventDate "2002.03.??"]
[WhiteTeam "Clichy"]
[BlackTeam "Strasbourg"]

1. d4 Nf6 2. Nf3 d5 3. c4 c6 4. Nc3 e6 5. e3 Nbd7 6. Bd3 dxc4 7. Bxc4 b5 8. Be2
b4 9. Na4 Bd6 10. Qc2 Bb7 11. e4 Qa5 12. Nd2 Be7 13. O-O O-O 14. e5 Nd5 15. Bd3
g6 16. Ne4 Rfc8 17. Nac5 Bxc5 18. dxc5 Nxe5 19. Bh6 Ba6 20. Bxa6 Qxa6 21. Nd6
Rc7 22. Qe4 Nd7 23. Rfe1 e5 24. Qf3 f6 25. Rac1 Qxa2 26. Qg4 Ne7 27. Ra1 f5 28.
Nxf5 Qe6 29. Nxe7+ Qxe7 30. Qxb4 Qxc5 31. Qxc5 Nxc5 32. Rxe5 Nd3 33. Re2 Kf7
34. Ra3 Rd7 35. h3 Rd5 36. Ra6 Nb4 37. Ra3 Nd3 38. Rb3 Rad8 39. h4 R8d7 40. Rb8
Rd8 41. Rb3 R8d7 42. Bg5 Rb5 43. Rc3 Rxb2 44. Re3 Nb4 45. Rc4 Rb1+ 46. Kh2 Kg7
47. Rf3 a5 48. Bf6+ Kg8 49. Re4 Nd5 50. Bd4 Re7 51. Rxe7 Nxe7 52. g4 Rc1 53.
Bc3 a4 54. Bd2 Rd1 55. Bh6 Rd8 56. Bg5 Rf8 57. Ra3 Rxf2+ 58. Kg3 Re2 59. Rxa4
Kf7 60. Ra7 Re6 61. Rc7 Ke8 62. Kf3 Kd8 63. Ra7 c5 64. Ra5 Kd7 65. Rxc5 Nc6 66.
Kf4 Re1 67. Bf6 Nd8 68. Bxd8 Kxd8 69. Kg5 Re4 70. Ra5 Ke8 71. Ra7 h6+ 72. Kxg6
Rxg4+ 73. Kh5 Rb4 1/2-1/2

[Event "FRA Team Ch"]
[Site "VANDOEUVRE"]
[Date "2002.04.01"]
[Round "7.5"]
[White "Mensch, Etienne"]
[Black "Relange, Eloi"]
[Result "0-1"]
[WhiteElo "2380"]
[BlackElo "2492"]
[PlyCount "62"]
[EventDate "2002.03.??"]
[WhiteTeam "Strasbourg"]
[BlackTeam "Clichy"]

1. d4 Nf6 2. c4 g6 3. f3 Bg7 4. e4 O-O 5. Nc3 c6 6. Be3 d5 7. e5 Nfd7 8. cxd5
cxd5 9. f4 Nb6 10. Nf3 Nc6 11. b3 Bf5 12. Be2 Rc8 13. Rc1 a6 14. O-O f6 15. Qd2
Be4 16. Ne1 e6 17. Nd3 Bxd3 18. Qxd3 f5 19. Nb1 Rf7 20. Nd2 Bf8 21. g4 Ba3 22.
gxf5 Bxc1 23. fxe6 Rfc7 24. f5 Nb4 25. Qb1 Nc2 26. f6 Nxe3 27. Bd3 Nxf1 28.
Bxg6 Nxd2 29. Qf5 Ne4 30. Bf7+ Kh8 31. Qg4 Nxf6 0-1

[Event "FRA Team Ch"]
[Site "VANDOEUVRE"]
[Date "2002.04.01"]
[Round "7.6"]
[White "Degraeve, Jean-Marc"]
[Black "Roos, Jean-Luc"]
[Result "1-0"]
[WhiteElo "2591"]
[BlackElo "2302"]
[PlyCount "56"]
[EventDate "2002.03.??"]
[WhiteTeam "Clichy"]
[BlackTeam "Strasbourg"]

1. e4 e6 2. d4 d5 3. Nd2 Nf6 4. e5 Nfd7 5. Ngf3 c5 6. c3 Nc6 7. Bd3 cxd4 8.
cxd4 Qb6 9. O-O Nxd4 10. Nxd4 Qxd4 11. Nf3 Qb6 12. Qa4 Qb4 13. Qc2 Qc5 14. Qe2
a6 15. Be3 Qa5 16. a3 Be7 17. Rac1 Qd8 18. Rc3 h6 19. Rfc1 O-O 20. Bb1 f5 21.
exf6 Nxf6 22. Bxh6 d4 23. Rxc8 Rxc8 24. Qxe6+ Kh8 25. Qh3 Rc6 26. Rxc6 bxc6 27.
Bd2+ Kg8 28. Ng5 d3 1-0

[Event "FRA Team Ch"]
[Site "VANDOEUVRE"]
[Date "2002.??.??"]
[Round "7.7"]
[White "Roos, Louis"]
[Black "Moingt, Jean-Claude"]
[Result "1-0"]
[WhiteElo "2351"]
[BlackElo "2297"]
[PlyCount "117"]
[EventDate "2002.03.??"]
[WhiteTeam "Strasbourg"]
[BlackTeam "Clichy"]

1. c4 e5 2. Nc3 Nf6 3. Nf3 Nc6 4. e3 Bb4 5. Qc2 Bxc3 6. Qxc3 Qe7 7. a3 d5 8.
cxd5 Nxd5 9. Qc2 O-O 10. d3 a5 11. b3 Be6 12. Bb2 f6 13. Be2 Nb6 14. O-O Qf7
15. Nd2 Bd5 16. e4 Be6 17. f4 Qd7 18. Nf3 Bg4 19. fxe5 Bxf3 20. Bxf3 Nd4 21.
Qf2 fxe5 22. Bxd4 Qxd4 23. Qxd4 exd4 24. Rac1 c6 25. Bg4 Rxf1+ 26. Rxf1 Re8 27.
h4 Re5 28. h5 Na8 29. Bc8 Re7 30. Kh2 Nb6 31. Bg4 Nd7 32. Bxd7 Rxd7 33. Kg3 Re7
34. Rf5 b6 35. a4 Re8 36. Rf1 Re5 37. Rc1 c5 38. Rh1 Kf7 39. Kf4 Ke6 40. g4 h6
41. Rf1 Kd6 42. Kg3 Re7 43. Rf8 b5 44. Kf4 c4 45. dxc4 bxa4 46. bxa4 Kc5 47. e5
Kxc4 48. Ke4 d3 49. Rd8 Kb4 50. Rxd3 Kxa4 51. Rd8 Kb3 52. Kd5 a4 53. Rb8+ Kc3
54. Ra8 Rd7+ 55. Kc6 Rd4 56. e6 Rc4+ 57. Kd6 Kd3 58. e7 Rd4+ 59. Kc5 1-0

[Event "FRA Team Ch"]
[Site "VANDOEUVRE"]
[Date "2002.??.??"]
[Round "7.8"]
[White "Verat, Laurent"]
[Black "Herbrechtsmeier, Christof"]
[Result "1-0"]
[WhiteElo "2337"]
[BlackElo "2345"]
[PlyCount "83"]
[EventDate "2002.03.??"]
[WhiteTeam "Clichy"]
[BlackTeam "Strasbourg"]

1. d4 Nf6 2. c4 e5 3. dxe5 Ne4 4. Qc2 Bb4+ 5. Nc3 Nxc3 6. bxc3 Bc5 7. Nf3 h6 8.
Bf4 Nc6 9. e3 Qe7 10. Be2 b6 11. Nd4 Bb7 12. Bf3 O-O-O 13. Nxc6 Bxc6 14. Bd5
Bxd5 15. cxd5 d6 16. exd6 Bxd6 17. Bxd6 Rxd6 18. c4 Re8 19. O-O Qe4 20. Rac1
Kb7 21. Qxe4 Rxe4 22. Rc3 Re7 23. f3 f5 24. Re1 c6 25. Rd3 Re5 26. e4 b5 27.
dxc6+ Rxc6 28. Rd5 Rc5 29. Rxe5 Rxe5 30. cxb5 Kb6 31. a4 Ka5 32. Kf2 fxe4 33.
fxe4 Re7 34. Ke3 Kxa4 35. Rb1 Ka5 36. Kd4 Kb6 37. Rb2 Rd7+ 38. Ke5 Kc5 39. Ke6
Rd6+ 40. Ke7 Rb6 41. Rd2 Kxb5 42. e5 1-0

[Event "FRA Team Ch"]
[Site "VANDOEUVRE"]
[Date "2002.??.??"]
[Round "7.9"]
[White "Fruteau, Sabine"]
[Black "Costagliola, Marina"]
[Result "1/2-1/2"]
[WhiteElo "2107"]
[BlackElo "2261"]
[PlyCount "102"]
[EventDate "2002.03.??"]
[WhiteTeam "Strasbourg"]
[BlackTeam "Clichy"]

1. e4 e5 2. Nf3 Nc6 3. Bb5 g6 4. O-O Bg7 5. c3 d6 6. d4 Bd7 7. dxe5 dxe5 8. h3
Nge7 9. Bg5 f6 10. Be3 O-O 11. Bc4+ Kh8 12. b4 Qe8 13. Qb3 f5 14. Ng5 Nd8 15.
exf5 gxf5 16. f4 exf4 17. Bc5 b6 18. Bd4 Ng6 19. Qd1 Nc6 20. Bxg7+ Kxg7 21. Re1
Nce5 22. Nd2 Qe7 23. Ndf3 Rad8 24. Nxe5 Nxe5 25. Qh5 h6 26. Ne6+ Bxe6 27. Rxe5
Qf7 28. Qxf7+ Bxf7 29. Re7 Rd2 30. Rxc7 Kf6 31. Bxf7 Rxf7 32. Rxf7+ Kxf7 33.
Rf1 Rxa2 34. Rxf4 Kg6 35. Rd4 Rc2 36. Rc4 Kg5 37. b5 Rb2 38. Ra4 Rxb5 39. Rxa7
Kf4 40. Kh2 Rc5 41. Ra6 b5 42. Rxh6 Rxc3 43. Rg6 b4 44. h4 Ke3 45. h5 Kd2 46.
Rf6 Rc4 47. Kg3 Kc3 48. h6 Rg4+ 49. Kf3 b3 50. Rc6+ Kd2 51. g3 Rg5 1/2-1/2

[Event "FRA Team Ch"]
[Site "VANDOEUVRE"]
[Date "2002.??.??"]
[Round "7.1"]
[White "Baklan, Vladimir"]
[Black "Fressinet, Laurent"]
[Result "1/2-1/2"]
[WhiteElo "2609"]
[BlackElo "2591"]
[PlyCount "33"]
[EventDate "2002.03.??"]
[WhiteTeam "Mulhouse"]
[BlackTeam "NAO Chess Club"]

1. e4 e5 2. Nf3 Nc6 3. Bb5 a6 4. Ba4 Nf6 5. O-O Be7 6. Bxc6 dxc6 7. Qe1 Nd7 8.
b3 c5 9. Bb2 Bd6 10. a4 O-O 11. Na3 Re8 12. Nc4 f6 13. c3 Nf8 14. d4 exd4 15.
cxd4 Bg4 16. Nxd6 Qxd6 17. dxc5 1/2-1/2

[Event "FRA Team Ch"]
[Site "VANDOEUVRE"]
[Date "2002.??.??"]
[Round "7.3"]
[White "Pelletier, Yannick"]
[Black "Nataf, Igor-Alexandre"]
[Result "1-0"]
[WhiteElo "2549"]
[BlackElo "2546"]
[PlyCount "75"]
[EventDate "2002.03.??"]
[WhiteTeam "Mulhouse"]
[BlackTeam "NAO Chess Club"]

1. d4 Nf6 2. c4 g6 3. Nc3 Bg7 4. e4 d6 5. Nf3 O-O 6. Be2 e5 7. O-O Nc6 8. d5
Ne7 9. Bg5 Nh5 10. Ne1 Nf4 11. Nd3 Nxe2+ 12. Qxe2 h6 13. Be3 f5 14. f3 f4 15.
Bf2 g5 16. c5 Ng6 17. Rfc1 Rf7 18. Rc2 h5 19. Rac1 Bd7 20. a4 a6 21. c6 bxc6
22. dxc6 Be6 23. b4 g4 24. Kh1 Nh4 25. Ne1 Bf6 26. Nd5 Rg7 27. b5 gxf3 28.
Nxf6+ Qxf6 29. Bxh4 Qxh4 30. Nxf3 Qd8 31. b6 cxb6 32. c7 Qe8 33. Qd2 Qf8 34.
Rc6 Re8 35. Rxd6 Bc8 36. Qd5+ Kh7 37. Rcc6 Rg8 38. h4 1-0

[Event "FRA Team Ch"]
[Site "VANDOEUVRE"]
[Date "2002.??.??"]
[Round "7.4"]
[White "Horvath, Jozsef"]
[Black "Marzolo, Cyril"]
[Result "1-0"]
[WhiteElo "2537"]
[BlackElo "2403"]
[PlyCount "61"]
[EventDate "2002.03.??"]
[WhiteTeam "NAO Chess Club"]
[BlackTeam "Mulhouse"]

1. c4 c5 2. Nf3 Nc6 3. e3 e6 4. Nc3 Nf6 5. d4 d5 6. a3 a6 7. dxc5 Bxc5 8. b4
Bd6 9. Bb2 O-O 10. cxd5 exd5 11. Be2 Re8 12. O-O Bg4 13. Rc1 Rc8 14. Rc2 Bb8
15. g3 Qd6 16. Rd2 Rcd8 17. Qb3 Qe6 18. Rfd1 Ne7 19. b5 Ba7 20. Nd4 Qe5 21. b6
Bb8 22. Bxg4 Nxg4 23. Nf3 Qf5 24. Nh4 Qe6 25. Nxd5 Nc6 26. Qc2 Nge5 27. f4 Ng4
28. e4 Rc8 29. Nf5 f6 30. Qb3 Kh8 31. Qf3 1-0

[Event "FRA Team Ch"]
[Site "VANDOEUVRE"]
[Date "2002.??.??"]
[Round "7.6"]
[White "Sebag, Marie"]
[Black "Claverie, Christophe"]
[Result "1/2-1/2"]
[WhiteElo "2368"]
[BlackElo "2363"]
[PlyCount "87"]
[EventDate "2002.03.??"]
[WhiteTeam "NAO Chess Club"]
[BlackTeam "Mulhouse"]

1. e4 g6 2. d4 Bg7 3. Nc3 d6 4. h3 Nf6 5. Nf3 O-O 6. Be3 a6 7. a4 b6 8. Bd3 Bb7
9. O-O c5 10. a5 cxd4 11. Bxd4 bxa5 12. Nd5 Nbd7 13. Nxf6+ Bxf6 14. Bxf6 Nxf6
15. Re1 Qb6 16. b3 Rac8 17. Nd2 Rc5 18. Nc4 Qc7 19. Qd2 Nxe4 20. Bxe4 d5 21.
Nxa5 dxe4 22. Nxb7 Qxb7 23. Qd4 Rxc2 24. Qxe4 Qxb3 25. Qxe7 Qb6 26. Qe3 Qxe3
27. Rxe3 Ra8 28. Rea3 Rc6 29. Ra5 Kf8 30. Rb1 Ra7 31. g4 f6 32. Kg2 Ke7 33. h4
Kd6 34. Rd1+ Kc7 35. Rad5 a5 36. Rd7+ Kb6 37. Rxa7 Kxa7 38. Rd7+ Kb6 39. Rxh7
a4 40. Rd7 Kb5 41. h5 gxh5 42. gxh5 Rc5 43. h6 Rh5 44. h7 1/2-1/2

[Event "FRA Team Ch"]
[Site "VANDOEUVRE"]
[Date "2002.??.??"]
[Round "7.7"]
[White "Herb, Pascal"]
[Black "De Sousa, Jose-Claude"]
[Result "0-1"]
[WhiteElo "2307"]
[BlackElo "2274"]
[PlyCount "80"]
[EventDate "2002.03.??"]
[WhiteTeam "Mulhouse"]
[BlackTeam "NAO Chess Club"]

1. e4 c5 2. Nf3 Nc6 3. d4 cxd4 4. Nxd4 Qc7 5. Nc3 e6 6. g3 a6 7. Bg2 Nf6 8. O-O
Bc5 9. Nxc6 dxc6 10. Na4 Ba7 11. c4 Nd7 12. Qg4 O-O 13. Bh6 Qe5 14. c5 Nxc5 15.
Bf4 Qf6 16. Bd6 e5 17. Qd1 Rd8 18. Bxc5 Rxd1 19. Raxd1 Bxc5 20. Nxc5 Qe7 21.
Rd2 Bg4 22. h3 Qxc5 23. hxg4 g6 24. Rfd1 Re8 25. g5 Kg7 26. a3 a5 27. Bf3 b5
28. Rd6 Re7 29. Rd8 a4 30. R1d2 Qc4 31. Rc8 h6 32. gxh6+ Kxh6 33. Rcd8 c5 34.
R8d3 b4 35. axb4 cxb4 36. Bd1 Ra7 37. f3 a3 38. bxa3 Rxa3 39. Rd7 Ra2 40. Kf2
b3 0-1

[Event "FRA Team Ch"]
[Site "VANDOEUVRE"]
[Date "2002.??.??"]
[Round "7.8"]
[White "Plantet, Sebastien"]
[Black "Riff, Sebastien"]
[Result "1/2-1/2"]
[WhiteElo "2309"]
[BlackElo "2200"]
[PlyCount "114"]
[EventDate "2002.03.??"]
[WhiteTeam "NAO Chess Club"]
[BlackTeam "Mulhouse"]

1. c4 Nf6 2. Nc3 g6 3. g3 Bg7 4. Bg2 O-O 5. d4 d6 6. Nf3 Nbd7 7. O-O e5 8. h3
Re8 9. b3 exd4 10. Nxd4 Nc5 11. Bb2 Nfe4 12. Nxe4 Nxe4 13. Qc2 f5 14. e3 Bd7
15. Rfd1 Qe7 16. Nf3 Rad8 17. Bxg7 Qxg7 18. Rac1 Qf6 19. Qd3 Bc6 20. Qd4 Kg7
21. Qxf6+ Nxf6 22. c5 dxc5 23. Rxd8 Rxd8 24. Rxc5 Rd1+ 25. Kh2 Nd7 26. Rc2 Kf6
27. g4 a6 28. Kg3 Rd6 29. g5+ Ke7 30. h4 Nf8 31. h5 Nd7 32. b4 Nf8 33. Ne5 Bxg2
34. Kxg2 c6 35. h6 Nd7 36. Nc4 Rd5 37. a4 b5 38. Na5 c5 39. axb5 axb5 40. bxc5
Rxc5 41. Rb2 b4 42. Nb3 Rc4 43. f4 Rc3 44. Nd4 Rxe3 45. Rxb4 Kd6 46. Ra4 Kd5
47. Nf3 Rd3 48. Nh4 Rd2+ 49. Kf3 Rd3+ 50. Ke2 Nc5 51. Ra7 Ke4 52. Rxh7 Kxf4 53.
Rg7 Rh3 54. Nxg6+ Kxg5 55. Nf8+ Kf6 56. Nh7+ Ke5 57. Rg6 Ne6 1/2-1/2

[Event "FRA Team Ch"]
[Site "VANDOEUVRE"]
[Date "2002.??.??"]
[Round "7.9"]
[White "Muller, Anne"]
[Black "Maze, Sebastien"]
[Result "0-1"]
[WhiteElo "2167"]
[BlackElo "2349"]
[PlyCount "102"]
[EventDate "2002.03.??"]
[WhiteTeam "Mulhouse"]
[BlackTeam "NAO Chess Club"]

1. e4 c5 2. Nf3 Nc6 3. d4 cxd4 4. Nxd4 g6 5. Nc3 Bg7 6. Nb3 Nf6 7. Be2 O-O 8.
O-O d6 9. Re1 Bd7 10. Bf1 Rc8 11. Nd5 Nxd5 12. exd5 Ne5 13. c3 b5 14. Qe2 Re8
15. Be3 a6 16. Bd4 Qc7 17. Rad1 Qb7 18. Na5 Qc7 19. Nb3 h6 20. h3 g5 21. Qd2
Bf5 22. f4 gxf4 23. Qxf4 Qd7 24. Nd2 Bc2 25. Rc1 Qf5 26. Qxf5 Bxf5 27. Ne4 Bg6
28. Ra1 Nc4 29. Bxg7 Kxg7 30. a4 Ra8 31. b3 Nb6 32. axb5 axb5 33. Rxa8 Rxa8 34.
Bxb5 Ra3 35. c4 Rxb3 36. Nd2 Rb2 37. Nf3 Nxd5 38. Bc6 Nf4 39. Nh4 e5 40. Nxg6
fxg6 41. Rd1 Ne2+ 42. Kh2 Nd4 43. Bd5 h5 44. Ra1 h4 45. Ra7+ Kh6 46. Kg1 Nf5
47. Rd7 Kg5 48. Be4 Ng3 49. Bd5 Kf4 50. Rf7+ Ke3 51. Rf3+ Kd4 0-1

[Event "FRA Team Ch"]
[Site "SAUTRON"]
[Date "2002.04.02"]
[Round "7.2"]
[White "Bologan, Viktor"]
[Black "Vaisser, Anatoly"]
[Result "1-0"]
[WhiteElo "2651"]
[BlackElo "2572"]
[PlyCount "83"]
[EventDate "2002.03.??"]
[WhiteTeam "Gonfreville"]
[BlackTeam "Nice"]

1. e4 e6 2. d4 d5 3. Nc3 Nf6 4. e5 Nfd7 5. Nce2 c5 6. f4 Nc6 7. Nf3 Qb6 8. c3
Be7 9. a3 f6 10. h4 O-O 11. b4 cxd4 12. cxd4 a5 13. b5 Nd8 14. Nc3 a4 15. Bd3
f5 16. Qc2 h5 17. Nxa4 Qa7 18. Nc3 Nb6 19. a4 Bb4 20. Qb3 Qa5 21. Bd2 Bd7 22.
Ke2 Nc4 23. Bxc4 dxc4 24. Qb2 b6 25. Rhc1 Nb7 26. Nd1 Bxd2 27. Nxd2 Rfc8 28.
Nxc4 Rxc4 29. Rxc4 Bxb5 30. axb5 Qxa1 31. Rc8+ Kh7 32. Qxa1 Rxa1 33. Ne3 Ra2+
34. Kd3 Ra3+ 35. Rc3 Ra5 36. Rc6 Ra3+ 37. Ke2 Ra2+ 38. Kf3 Na5 39. Rxe6 Nb3 40.
Nxf5 g6 41. Re7+ Kh8 42. Nd6 1-0

[Event "FRA Team Ch"]
[Site "SAUTRON"]
[Date "2002.??.??"]
[Round "7.3"]
[White "Sulava, Nenad"]
[Black "Rausis, Igors"]
[Result "1/2-1/2"]
[WhiteElo "2552"]
[BlackElo "2466"]
[PlyCount "31"]
[EventDate "2002.03.??"]
[WhiteTeam "Nice"]
[BlackTeam "Gonfreville"]

1. d4 d5 2. Nf3 Bf5 3. c4 e6 4. Nc3 c6 5. Qb3 Qc7 6. Bf4 dxc4 7. Bxc7 cxb3 8.
e4 Bg6 9. a3 Nf6 10. Nd2 Nbd7 11. f3 Be7 12. Nxb3 O-O 13. Bf4 Rfc8 14. Be3 Ne8
15. Rd1 f5 16. Bc4 1/2-1/2

[Event "FRA Team Ch"]
[Site "SAUTRON"]
[Date "2002.04.02"]
[Round "7.4"]
[White "Beikert, Guenther"]
[Black "Banikas, Hristos"]
[Result "0-1"]
[WhiteElo "2438"]
[BlackElo "2518"]
[PlyCount "90"]
[EventDate "2002.03.??"]
[WhiteTeam "Gonfreville"]
[BlackTeam "Nice"]

1. d4 Nf6 2. Nf3 g6 3. Nc3 d5 4. Bf4 c6 5. e3 Bg7 6. Be2 Bg4 7. Ne5 Bxe2 8.
Qxe2 Nbd7 9. O-O-O Nh5 10. h4 Nxf4 11. exf4 h5 12. Rhe1 Nf6 13. Rd3 Bh6 14. g3
O-O 15. f3 Qc8 16. Na4 Qh3 17. Qf2 Rac8 18. Rc3 Ne8 19. Nc5 Nd6 20. Kb1 Kh7 21.
a4 Rc7 22. Rg1 Qc8 23. Nb3 b6 24. Re1 Re8 25. Re2 Bg7 26. Re1 a5 27. Qg1 f6 28.
Nd3 Nc4 29. g4 Bh6 30. Qg2 c5 31. dxc5 bxc5 32. f5 gxf5 33. g5 fxg5 34. hxg5
Bg7 35. Qh3 Kg8 36. Qxh5 e5 37. g6 Na3+ 38. bxa3 c4 39. Ndc1 d4 40. Rxc4 Rxc4
41. Re2 Rxa4 42. Nd3 Rxa3 43. Rxe5 Rxe5 44. Nxe5 d3 45. Nc5 dxc2+ 0-1

[Event "FRA Team Ch"]
[Site "SAUTRON"]
[Date "2002.??.??"]
[Round "7.5"]
[White "Nikolaidis, Ioannis"]
[Black "Vallin, Guillaume"]
[Result "1-0"]
[WhiteElo "2527"]
[BlackElo "2356"]
[PlyCount "131"]
[EventDate "2002.03.??"]
[WhiteTeam "Nice"]
[BlackTeam "Gonfreville"]

1. Nf3 e6 2. c4 Nf6 3. g3 b6 4. Bg2 Bb7 5. O-O c5 6. Nc3 Be7 7. b3 d6 8. Bb2
Nbd7 9. d4 cxd4 10. Nxd4 Bxg2 11. Kxg2 Qc7 12. e3 a6 13. f4 O-O 14. Qf3 Rac8
15. Rad1 Rfd8 16. g4 Nc5 17. g5 Nfd7 18. h4 g6 19. h5 Bf8 20. Rh1 Qb7 21. hxg6
Qxf3+ 22. Nxf3 fxg6 23. Rd2 Be7 24. Nh2 b5 25. cxb5 axb5 26. Nxb5 Ne4 27. Re2
Ndc5 28. Ng4 Bf8 29. Nc3 Bg7 30. Nxe4 Nxe4 31. Bxg7 Kxg7 32. Kf3 d5 33. Reh2
Rh8 34. Nf6 Nxf6 35. gxf6+ Kxf6 36. Rxh7 Rxh7 37. Rxh7 Rc3 38. Rh2 e5 39. fxe5+
Kxe5 40. Rh4 g5 41. Rb4 Kd6 42. Rg4 Rc2 43. Rg2 Rc3 44. Rxg5 d4 45. Rg6+ Kd5
46. Rg5+ Kd6 47. Ke4 dxe3 48. Rg2 Kc5 49. Re2 Kb4 50. Rxe3 Rc2 51. a4 Rd2 52.
Rd3 Rc2 53. Kd5 Rc1 54. Kd6 Rc2 55. Kd7 Rc1 56. Re3 Rc2 57. Kd6 Rc1 58. Re8 Rc3
59. Rb8+ Ka5 60. Rb5+ Ka6 61. Kd5 Rh3 62. Kc4 Rh4+ 63. Kc3 Rh3+ 64. Kb4 Rh4+
65. Ka3 Rh3 66. Rc5 1-0

[Event "FRA Team Ch"]
[Site "SAUTRON"]
[Date "2002.??.??"]
[Round "7.7"]
[White "Leski, Marc"]
[Black "Theon, Pierre"]
[Result "1/2-1/2"]
[WhiteElo "2421"]
[BlackElo "2214"]
[PlyCount "40"]
[EventDate "2002.03.??"]
[WhiteTeam "Nice"]
[BlackTeam "Gonfreville"]

1. Nf3 d6 2. d4 g6 3. e4 Bg7 4. Nc3 a6 5. h3 b5 6. a4 b4 7. Ne2 Nf6 8. Ng3 Bb7
9. Bd3 Nbd7 10. O-O e5 11. c3 bxc3 12. bxc3 O-O 13. Re1 Re8 14. Rb1 Rb8 15. Qe2
d5 16. dxe5 Nxe4 17. Nxe4 dxe4 18. Bxe4 Nxe5 19. Rd1 Nxf3+ 20. Bxf3 Rxe2
1/2-1/2

[Event "FRA Team Ch"]
[Site "SAUTRON"]
[Date "2002.??.??"]
[Round "7.8"]
[White "Gouret, Thierry"]
[Black "Brochet, Philippe"]
[Result "1/2-1/2"]
[WhiteElo "2270"]
[BlackElo "2381"]
[PlyCount "121"]
[EventDate "2002.03.??"]
[WhiteTeam "Gonfreville"]
[BlackTeam "Nice"]

1. d4 d5 2. Nf3 Nc6 3. Bf4 Bg4 4. Nbd2 e6 5. h3 Bh5 6. e3 Bd6 7. Bxd6 Qxd6 8.
Be2 Nf6 9. O-O O-O 10. c4 Rfd8 11. Rc1 e5 12. Nxe5 Bxe2 13. Qxe2 Nxe5 14. dxe5
Qxe5 15. Nf3 Qe7 16. Rfd1 dxc4 17. Qxc4 c6 18. Rd4 Rd5 19. Rxd5 Nxd5 20. Qc5
Qe4 21. Qd4 Qxd4 22. Nxd4 Kf8 23. Kf1 Rd8 24. g3 Ke8 25. Ke2 Nf6 26. Rd1 Rd5
27. f3 g6 28. Rd3 a6 29. e4 Rd8 30. Nb3 b6 31. Rxd8+ Kxd8 32. Ke3 c5 33. e5
Nd5+ 34. Ke4 Nb4 35. a3 Nc6 36. f4 Ke7 37. g4 f6 38. exf6+ Kxf6 39. Kd5 Nd8 40.
Nd2 Ne6 41. Ne4+ Ke7 42. Kc6 Nxf4 43. Kxb6 c4 44. Nd2 c3 45. bxc3 Nd5+ 46. Kxa6
Nxc3 47. Ka5 Kd6 48. Kb4 Nd5+ 49. Kc4 Nf4 50. Ne4+ Kc6 51. Nf2 h5 52. g5 h4 53.
Nd3 Nxh3 54. Ne5+ Kb6 55. Nf3 Ka5 56. Kb3 Kb5 57. a4+ Kc5 58. Kc3 Nf2 59. Nxh4
Ne4+ 60. Kb3 Nxg5 61. Nxg6 1/2-1/2

[Event "FRA Team Ch"]
[Site "SAUTRON"]
[Date "2002.??.??"]
[Round "7.9"]
[White "Nicoara, Malina"]
[Black "Gervais, Claire"]
[Result "1-0"]
[WhiteElo "2225"]
[BlackElo "2169"]
[PlyCount "37"]
[EventDate "2002.03.??"]
[WhiteTeam "Nice"]
[BlackTeam "Gonfreville"]

1. d4 Nf6 2. c4 e6 3. Nc3 Bb4 4. Qc2 O-O 5. a3 Bxc3+ 6. Qxc3 Ne4 7. Qc2 f5 8.
Nh3 b6 9. f3 Nf6 10. e3 Bb7 11. Bd3 Nc6 12. b4 a6 13. O-O Rc8 14. Bb2 Ne7 15.
e4 Ne8 16. Rae1 d5 17. cxd5 exd5 18. exf5 Nd6 19. g4 1-0

[Event "FRA Team Ch"]
[Site "SAUTRON"]
[Date "2002.??.??"]
[Round "7.1"]
[White "Vallejo Pons, Francisco"]
[Black "Marcelin, Cyril"]
[Result "1/2-1/2"]
[WhiteElo "2629"]
[BlackElo "2455"]
[PlyCount "69"]
[EventDate "2002.03.??"]
[WhiteTeam "Montpellier"]
[BlackTeam "Noyon"]

1. d4 d5 2. c4 e6 3. Nf3 c6 4. Qc2 dxc4 5. Qxc4 Nf6 6. Bg5 b5 7. Qc2 Bb7 8. e4
Nbd7 9. Bd3 a6 10. O-O h6 11. Bxf6 Qxf6 12. e5 Qd8 13. Nbd2 Qb6 14. a4 Rc8 15.
Qc3 c5 16. axb5 axb5 17. Qa5 c4 18. Be4 Bxe4 19. Nxe4 Be7 20. Qxb6 Nxb6 21. Ra7
Nd5 22. Nd6+ Bxd6 23. exd6 O-O 24. Ne5 Rcd8 25. d7 Nb4 26. Rb7 f6 27. Ng6 Rf7
28. Nf4 Rfxd7 29. Rxb5 Nc6 30. Nxe6 Nxd4 31. Nxd4 Rxd4 32. g3 Rd1 33. Rc5 Rxf1+
34. Kxf1 Rb8 35. Rxc4 1/2-1/2

[Event "FRA Team Ch"]
[Site "SAUTRON"]
[Date "2002.??.??"]
[Round "7.2"]
[White "Moreno Carnero, Javier"]
[Black "Shchekachev, Andrei"]
[Result "1/2-1/2"]
[WhiteElo "2503"]
[BlackElo "2573"]
[PlyCount "92"]
[EventDate "2002.03.??"]
[WhiteTeam "Noyon"]
[BlackTeam "Montpellier"]

1. e4 c5 2. Nf3 d6 3. d4 cxd4 4. Nxd4 Nf6 5. Nc3 a6 6. f3 e5 7. Nb3 Be6 8. Be3
Be7 9. Qd2 O-O 10. O-O-O Nbd7 11. g4 Qc7 12. Kb1 Rfc8 13. Qf2 b5 14. g5 Nh5 15.
h4 Ng3 16. Qxg3 b4 17. Rd3 bxc3 18. Rxc3 Qd8 19. Rxc8 Qxc8 20. Bh3 Nf8 21. h5
a5 22. Bxe6 Nxe6 23. g6 a4 24. Nc1 fxg6 25. hxg6 h6 26. a3 Bg5 27. Qf2 Qe8 28.
Rd1 Bxe3 29. Qxe3 Rd8 30. Qb6 Qf8 31. Na2 Nd4 32. Nc3 Nxf3 33. Nxa4 Ng5 34. Nc3
Ne6 35. Qb3 Qe8 36. Nb5 Kh8 37. Rxd6 Rxd6 38. Nxd6 Qxg6 39. Nf5 Kh7 40. Qd5 Qf6
41. a4 h5 42. a5 h4 43. a6 Nc7 44. Qd1 Nxa6 45. Qh5+ Kg8 46. Qe8+ Kh7 1/2-1/2

[Event "FRA Team Ch"]
[Site "SAUTRON"]
[Date "2002.??.??"]
[Round "7.3"]
[White "Prie, Eric"]
[Black "Karr, Jean-Philippe"]
[Result "1-0"]
[WhiteElo "2497"]
[BlackElo "2402"]
[PlyCount "79"]
[EventDate "2002.03.??"]
[WhiteTeam "Montpellier"]
[BlackTeam "Noyon"]

1. e4 c5 2. Nf3 Nc6 3. d4 cxd4 4. Nxd4 Nf6 5. Nc3 e5 6. Ndb5 d6 7. Bg5 a6 8.
Na3 b5 9. Bxf6 gxf6 10. Nd5 f5 11. c3 Bg7 12. exf5 Bxf5 13. Nc2 Be6 14. g3 O-O
15. Bg2 Ra7 16. O-O Kh8 17. Re1 Ne7 18. Nxe7 Qxe7 19. Nb4 Qd7 20. a4 bxa4 21.
Rxa4 a5 22. Qa1 Qc7 23. Nd5 Bxd5 24. Bxd5 Rc8 25. Be4 Bf6 26. Qb1 h6 27. Qd1
Qd7 28. Qf3 Bg7 29. Rea1 Rcc7 30. Kg2 Qb5 31. Qf5 Kg8 32. b4 Qd7 33. Qxd7 Rxd7
34. Rxa5 Rxa5 35. Rxa5 Rc7 36. b5 d5 37. Bxd5 Rc5 38. Ra8+ Bf8 39. c4 Kg7 40.
b6 1-0